[Event "Pardubice op2"]
[Site "Pardubice"]
[Date "1994.??.??"]
[Round "6"]
[White "Pevzner, Albert"]
[Black "Nevole, Vladimir"]
[Result "1-0"]
[WhiteElo "2300"]
[BlackElo "2090"]

1.c4 c6 2.Nf3 d5 3.b3 Nf6 4.Bb2 Bg4 5.d3 Nbd7 6.Nbd2 e6 7.g3 Be7 8.Bg2 O-O
9.O-O Bxf3 10.Nxf3 Qc7 11.Rc1 Rfd8 12.Qc2 Ng4 13.cxd5 exd5 14.Nd4 Bf6 15.e3 Qe5
16.Qe2 Nh6 17.Rc2 Qe7 18.Qh5 Ne5 19.Qe2 Re8 20.Nf3 Nf5 21.Bxe5 Bxe5 22.Nxe5 Qxe5
23.Qf3 Re7 24.Rfc1 Rae8 25.d4 Qf6 26.Bh3 Nd6 27.Qxf6 gxf6 28.Kg2 Kg7 29.Kf3 Kg6
30.Bf1 Kg7 31.b4 a6 32.a4 Rd8 33.Bd3 f5 34.Kf4 Kf6 35.Ra1 h6 36.b5 axb5 37.axb5 Nxb5
38.Bxb5 cxb5 39.Rb1 Rd6 40.Rxb5 b6 41.Rc8 Re4+ 42.Kf3 Re7 43.Rb8 Ree6 44.h4 Kg6
45.Rb7 Kf6 46.h5 Kg7 47.Rb2 Kf6 48.Rb5 Kg7 49.Rb1 Kf6 50.Ra1 Re7 51.Raa7 Rxb7
52.Rxb7 Ke6 53.Kf4 Rc6 54.Rb8 Kf6 55.Rh8 Ke7 56.Kxf5 Rf6+ 57.Ke5 Rxf2 58.Kxd5 Rf5+
59.Kc6 Rf6+ 60.Kc7 b5 61.Rb8 Rf5 62.e4 Rf3 63.Rxb5 Rxg3 64.Re5+ Kf6 65.Re8 Ra3
66.d5 Rc3+ 67.Kb6 Rb3+  1-0

[Event "Pardubice op"]
[Site "Pardubice"]
[Date "1994.??.??"]
[Round "8"]
[White "Vaulin, Alexander"]
[Black "Zurek, Milan"]
[Result "1-0"]
[WhiteElo "2550"]
[BlackElo "2410"]

1.c4 c6 2.e4 d5 3.exd5 Nf6 4.Qa4 Qd7 5.dxc6 Nxc6 6.Nf3 e5 7.d3 e4 8.dxe4 Nxe4
9.Be3 Nc5 10.Bxc5 Bxc5 11.Be2 O-O 12.Nc3 Bb4 13.Qc2 Re8 14.O-O Bxc3 15.bxc3 Qg4
16.Bd3 Qh5 17.Rab1 b6 18.Be4 Bb7 19.Bd5 Na5 20.Rb5 Bxd5 21.Rxd5 Qh6 22.c5 Qc6
23.c4 bxc5 24.Ng5 g6 25.Qc3 Nb7 26.Qf3 Re7 27.Nxh7 f5 28.Ng5 Qf6 29.h4 Rae8
30.g3 Kg7 31.Rfd1 Re1+ 32.Rxe1 Rxe1+ 33.Kg2 Re7 34.Qd1 Kh6 35.Qd2 Kg7 36.Nh3 Qc6
37.Kh2 Qa6 38.Qc3+ Qf6 39.Qd2 Qa6 40.Rd7 Qe6 41.Qb2+  1-0

[Event "Pardubice op"]
[Site "Pardubice"]
[Date "1994.??.??"]
[Round "9"]
[White "Shushpanov, Vladimir"]
[Black "Markov, Jurij"]
[Result "1-0"]
[WhiteElo "2350"]
[BlackElo "2450"]

1.c4 c6 2.e4 e5 3.Nf3 d6 4.d4 Nd7 5.Nc3 Ngf6 6.Be2 Be7 7.O-O O-O 8.Re1 Re8
9.Bf1 Bf8 10.d5 a5 11.b3 Nc5 12.Nd2 g6 13.Rb1 Na6 14.a3 c5 15.Nf3 Nh5 16.g3 Bg7
17.Bg5 Bf6 18.Bd2 Bg4 19.Be2 Ng7 20.Qc1 Be7 21.Kg2 Qd7 22.Ng1 Bxe2 23.Ngxe2 f5
24.f3 Rf8 25.Qc2 Rf7 26.Rf1 Raf8 27.Rbe1 h5 28.f4 h4 29.Nd1 b6 30.Ne3 Nc7
31.Bc3 Bf6 32.exf5 gxf5 33.fxe5 Bxe5 34.Nf4 hxg3 35.hxg3 Rf6 36.Nd1 Re8 37.Qb2 Bxc3
38.Qxc3 Rxe1 39.Rxe1 Rf8 40.Nf2 Qf7 41.N2h3 Qf6 42.Qxf6 Rxf6 43.Ng5 Rf8 44.Re7 Rc8
45.Nf7 Nce8 46.a4  1-0

[Event "Paris"]
[Site "Paris"]
[Date "1994.??.??"]
[Round "1"]
[White "Kosten, Anthony C"]
[Black "Hauchard, Arnaud"]
[Result "1/2-1/2"]
[WhiteElo "2515"]
[BlackElo "2485"]

1.c4 c6 2.e4 d5 3.exd5 cxd5 4.d4 Nf6 5.Nc3 Nc6 6.Bg5 Qa5 7.Bd2 Qd8 8.Nf3 Bg4
9.cxd5 Nxd5 10.Qb3 Nb6 11.O-O-O Be6 12.Qc2 Rc8 13.Ng5 Bd5 14.Kb1 e6 15.Be3 Be7
16.h4 h6 17.Nf3 Nb4 18.Bb5+ Kf8 19.Qe2 a6 20.Bd3 Na4 21.Nxa4 Bxa2+ 22.Ka1 Qa5
23.Nc3 Nc2+ 24.Qxc2 Bb3+ 25.Kb1 Bxc2+ 26.Bxc2 Bb4 27.Bd2 Ke7 28.Rhe1 Bxc3
29.Bxc3 Rxc3 30.bxc3 Rc8 31.Rd3 Rxc3 32.Rxc3 Qxc3 33.Re3 Qc4 34.Re1 b5 35.Kc1 a5
36.Ne5 Qc3 37.Re3 Qa1+ 38.Bb1 f6 39.Ng6+  1/2-1/2

[Event "World op"]
[Site "Philadelphia"]
[Date "1994.??.??"]
[Round "?"]
[White "Palatnik, Semon"]
[Black "Delaune, Richard K"]
[Result "1-0"]
[WhiteElo "2485"]
[BlackElo "2400"]

1.c4 c6 2.Nf3 Nf6 3.d4 d5 4.Qc2 g6 5.Bf4 Bg7 6.e3 Bf5 7.Qb3 Qb6 8.Nc3 O-O
9.c5 Qxb3 10.axb3 Nbd7 11.h3 h5 12.b4 a6 13.Rg1 Rfe8 14.Be2 Rad8 15.Ra3 Nf8
16.Bc7 Rc8 17.Bh2 N6d7 18.g4 hxg4 19.hxg4 Be6 20.Nd2 Ra8 21.Nb3 f6 22.Na5 Ra7
23.Bc7 Bf7 24.Bb6 Nxb6 25.cxb6 Raa8 26.Nxb7 Nd7 27.Na4 Reb8 28.Na5 Nxb6 29.Nxc6 Rb7
30.Na5 Rbb8 31.Nc5 Rc8 32.Kd2 e5 33.Bxa6 Rc7 34.Bd3 exd4 35.exd4 Bh6+ 36.Kc3 Re8
37.b3 Ree7 38.b5 Be8 39.b4 Rc8 40.Raa1 Bf8 41.Rge1 Kg7 42.Kb3 Bf7 43.Rxe7 Bxe7
44.Nc6 Bd6 45.Ra7 Re8 46.Rb7 Nc4 47.Nd8  1-0

[Event "Platja d'Aro Barcino"]
[Site "Platja d'Aro"]
[Date "1994.??.??"]
[Round "?"]
[White "Comas Fabrego, Luis"]
[Black "Pomes Marcet, Juan"]
[Result "1-0"]
[WhiteElo "2500"]
[BlackElo "2390"]

1.c4 c6 2.e4 d5 3.exd5 cxd5 4.d4 Nf6 5.Nc3 e6 6.Nf3 Be7 7.cxd5 Nxd5 8.Bc4 Nc6
9.O-O O-O 10.Re1 b6 11.Nxd5 exd5 12.Bb5 Bb7 13.Bf4 Bd6 14.Bxd6 Qxd6 15.Rc1 a6
16.Bxc6 Bxc6 17.Ne5 Bb7 18.Qg4 Rad8 19.a3 a5 20.Rc3 f6 21.Rg3 Qe7 22.Nd3 Qc7
23.Rge3 Bc8 24.Qf4 Qxf4 25.Nxf4 Rd6 26.h4 Bd7 27.Rc1 Kf7 28.Rc7 Rc8 29.Rec3 Rxc7
30.Rxc7 Ke7 31.f3 Kd8 32.Ra7 Rc6 33.h5 Rc1+ 34.Kh2 Rc2 35.b3 Rc6 36.Kg3 Rd6
37.b4 axb4 38.axb4 Rc6 39.Ra8+ Bc8 40.b5 Rd6 41.Nd3 g6 42.h6 g5 43.Nc5  1-0

[Event "POR-ch"]
[Site "?"]
[Date "1994.??.??"]
[Round "5"]
[White "Dantas, Carlos"]
[Black "Vitor, Antonio"]
[Result "1/2-1/2"]
[WhiteElo "2000"]
[BlackElo "2195"]

1.c4 c6 2.d4 d5 3.cxd5 cxd5 4.Nc3 Nf6 5.Nf3 Nc6 6.Bf4 e6 7.e3 Be7 8.Bd3 O-O
9.O-O Nh5 10.Bxh7+ Kxh7 11.Ng5+ Bxg5 12.Qxh5+ Bh6 13.g4 f6 14.h4 e5 15.dxe5 fxe5
16.Bxh6 gxh6 17.g5 Qd6 18.Nxd5 Qg6 19.Qxg6+ Kxg6 20.f4 hxg5 21.fxg5 Bh3 22.Rf6+ Rxf6
23.Nxf6 Rd8 24.Kh2 Be6 25.Kg3 Ne7 26.Rh1 Rd3 27.Kf2 Rd2+ 28.Kf3 Rxb2 29.Rg1 Rxa2
30.h5+ Kf7 31.Ke4 Ra4+ 32.Kxe5 Ra5+ 33.Kd6 Ra6+ 34.Ke5 Ra5+ 35.Kd6 Nf5+ 36.Kc7 b6
37.e4 Ne3 38.h6 Rc5+ 39.Kb7 Kg6 40.h7 Rc8 41.Kxa7 b5 42.Rg3 Nc4  1/2-1/2

[Event "CRO-ch"]
[Site "Porec"]
[Date "1994.??.??"]
[Round "?"]
[White "Bukal, Vladimir Sr"]
[Black "Draganic, Stjepan"]
[Result "1-0"]
[WhiteElo "2405"]
[BlackElo "2285"]

1.c4 c6 2.d4 d5 3.e3 Nf6 4.Nc3 Bf5 5.cxd5 Nxd5 6.Nf3 e6 7.Bd3 Bxd3 8.Qxd3 Bd6
9.O-O Nd7 10.e4 Ne7 11.e5 Bc7 12.Qe4 h6 13.Rd1 Nb6 14.Qg4 Nf5 15.Ne4 Qe7
16.a4 a5 17.Nc5 O-O-O 18.Nd3 h5 19.Qe4 Nd5 20.Bd2 Bb6 21.Rdc1 Nc7 22.Rc4 Rd5
23.Nf4 g5 24.Ne2 g4 25.Ne1 Qd7 26.Nc2 Rd8 27.Bc3 Kb8 28.b4 axb4 29.Rxb4 Ba5
30.Rb3 Bxc3 31.Rxc3 Ra5 32.Rb1 Qd5 33.Qd3 c5 34.Nf4 Qd7 35.Rcb3 Ra7 36.Qe4 Na6
37.Rb5 Nxd4 38.Nxd4 cxd4 39.Nd3 Rc8 40.Qh7 Rc3 41.g3 Ra3 42.Rc1 Rc3 43.Rcb1 Ra3
44.Rb6 Rxd3 45.Rd6 Qc8 46.Qxd3 Nc5 47.Qxd4 Rxa4 48.Qd1 Ka7 49.Ra1 Qe8 50.Rxa4+ Qxa4
51.Qxa4+ Nxa4 52.Rd7 Ka6 53.Rxf7 b5 54.Kf1 b4 55.Ke2 Kb5 56.f4 gxf3+ 57.Rxf3 Kc4
58.Kd2 Nc3 59.Rf4+ Kb3 60.g4 hxg4 61.Rxg4 Ka3 62.h4 Nd5 63.h5 b3 64.h6 b2
65.Rg1 Nf4 66.h7 Ng6 67.Kc2  1-0

[Event "CRO-ch"]
[Site "Porec"]
[Date "1994.??.??"]
[Round "?"]
[White "Bukal, Vladimir Sr"]
[Black "Petrov, Jole"]
[Result "1-0"]
[WhiteElo "2405"]
[BlackElo "2255"]

1.c4 c6 2.e4 d5 3.exd5 cxd5 4.d4 Nf6 5.Nc3 e6 6.cxd5 exd5 7.Nf3 Nc6 8.h3 h6
9.Bd3 Bd6 10.O-O O-O 11.Be3 Re8 12.Rc1 Bd7 13.Bb1 Rc8 14.a3 Na5 15.Qd3 Be6
16.Rce1 Nc4 17.Bc1 a6 18.Ne5 Bf8 19.f4 Nd6 20.g4 Nfe4 21.f5 Bd7 22.f6 Be6
23.Nxe4 dxe4 24.Rxe4 Bc4 25.Nxc4 Nxe4 26.Be3 Bd6 27.fxg7 Qh4 28.Rf3 Bb8 29.Ne5  1-0

[Event "CRO-ch (Women)"]
[Site "Porec"]
[Date "1994.??.??"]
[Round "?"]
[White "Petek Medic, Mirjana"]
[Black "Belamaric, Tanja"]
[Result "1-0"]
[WhiteElo "2285"]
[BlackElo "2160"]

1.c4 c6 2.d4 d5 3.cxd5 cxd5 4.Bf4 Nc6 5.Nc3 Nf6 6.e3 a6 7.a3 Bf5 8.Bd3 Bxd3
9.Qxd3 e6 10.Nf3 Bd6 11.O-O O-O 12.Rac1 h6 13.Bxd6 Qxd6 14.Na4 Ne4 15.Nc5 Nxc5
16.dxc5 Qe7 17.Rfd1 Rfd8 18.b4 Qf6 19.Qb3 Rac8 20.h3 Qg6 21.Qb1 Qf6 22.Rd2 Rd7
23.a4 a5 24.bxa5 Nxa5 25.Rb2 Rcc7 26.Nd2 e5 27.Rb5 Nc6 28.Rf1 Qe7 29.Nb3 Na7
30.Rb6 Nc8 31.Rb5 Na7 32.Rb4 Nc6 33.Rb6 e4 34.f4 exf3 35.Rxf3 Ne5 36.Rg3 Qh4
37.Kh2 h5 38.Qe1 Qxa4 39.Rg5 Qe4 40.Nd2 Qc2 41.Rxe5 Qxc5 42.Re8+ Kh7 43.Qb1+ g6
44.Nf3 Re7 45.Rxe7 Qxe7 46.Qd3 Rc6 47.Rxc6 bxc6 48.Qd4 f6 49.Kg1 c5 50.Qd3 Kg7
51.Kf2 Qf7 52.Qc2 c4 53.Qa4 Qb7 54.Nd4 g5 55.Qe8 Qf7 56.Nf5+ Kg6 57.Ne7+ Kg7
58.Qxf7+ Kxf7 59.Nxd5 Ke6 60.Nc3 f5 61.h4 gxh4 62.Kf3 Ke5 63.Ne2 Kf6 64.Kf4 Kg6
65.Ke5 Kg5 66.Kd4 Kg4 67.Nf4 h3 68.gxh3+ Kf3 69.Nxh5 c3 70.Nf4 c2 71.Nd3 f4
72.e4  1-0

[Event "Portoroz op"]
[Site "Portoroz"]
[Date "1994.??.??"]
[Round "?"]
[White "Sale, Srdjan"]
[Black "Crepan, Marjan"]
[Result "0-1"]
[WhiteElo "2445"]
[BlackElo "2300"]

1.c4 c6 2.e4 d5 3.exd5 cxd5 4.d4 Nc6 5.Nc3 Nf6 6.Bg5 e6 7.Nf3 Be7 8.a3 a6
9.c5 Ne4 10.Bxe7 Kxe7 11.Bd3 f5 12.O-O Bd7 13.Bxe4 fxe4 14.Nd2 Be8 15.f3 exf3
16.Qxf3 Qd7 17.Qe3 Bg6 18.Nf3 Raf8 19.Ne5 Nxe5 20.Qxe5 Rf6 21.Rae1 Rd8 22.b4 Kf7
23.a4 Bf5 24.Rf2 Rf8 25.b5 Kg8 26.Ref1 h5 27.bxa6 bxa6 28.Rb2 Bd3 29.Rxf6 Rxf6
30.Rf2 Rxf2 31.Kxf2 h4 32.Ke3 Bc4 33.Qb8+ Kf7 34.Qf4+ Ke8 35.Qxh4 Qb7 36.Qh8+ Kf7
37.Qh5+ Kf8 38.Qf3+ Ke7 39.h3 Qb3 40.Kf4 Qc2 41.g4 Bd3 42.Nxd5+ exd5 43.Qxd5 Qf2+  0-1

[Event "Praha Mladi"]
[Site "Prague"]
[Date "1994.??.??"]
[Round "5"]
[White "Koerholz, Ludger"]
[Black "Meduna, Eduard"]
[Result "0-1"]
[WhiteElo "2320"]
[BlackElo "2485"]

1.c4 c6 2.Nc3 d5 3.d4 Nf6 4.cxd5 cxd5 5.Nf3 Nc6 6.Bf4 Bf5 7.e3 e6 8.Bd3 Bxd3
9.Qxd3 Be7 10.O-O O-O 11.Bg5 Qa5 12.Rfc1 Rfc8 13.Ne5 h6 14.Bh4 Qb4 15.Bxf6 Bxf6
16.Nxc6 bxc6 17.b3 c5 18.dxc5 Qxc5 19.Rc2 Bxc3 20.Rac1 Qa3 21.Qd1 a5 22.Rxc3 Rxc3
23.Rxc3 Qxa2 24.g3 Rb8 25.Kg2 Qa3 26.Qc2 Qb4 27.h4 g6 28.Qd3 e5 29.Rc7 Rd8
30.Qa6 Kg7 31.Qe6 Qe4+ 32.Kg1 Qf5 33.Qb6 Ra8 34.Qb7 Rd8 35.Rc5 d4 36.exd4 Rxd4
37.Kg2 Rd1 38.Rxa5 Qd3 39.Kh2 Qe2 40.Qg2 Rd2 41.Kg1 Rd1+ 42.Kh2 e4 43.Ra4 Re1
44.Ra7 h5 45.Re7 Kf8 46.Re5 Qc2 47.b4 Re2 48.Kg1 Qc1+ 49.Kh2 Qb2 50.Kg1 Qxe5  0-1

[Event "EUCup Gr"]
[Site "Pula"]
[Date "1994.??.??"]
[Round "3"]
[White "Horvath, Gyula"]
[Black "Savchenko, Stanislav"]
[Result "1/2-1/2"]
[WhiteElo "2435"]
[BlackElo "2540"]

1.c4 c6 2.d4 d5 3.Nf3 Nf6 4.Qc2 dxc4 5.Qxc4 Bf5 6.Nc3 e6 7.g3 Be7 8.Bg2 Nbd7
9.O-O O-O 10.Re1 Ne4 11.Bf4 Nxc3 12.bxc3 Be4 13.Qb3 c5 14.Nd2 Bxg2 15.Kxg2 Nb6
16.Nf3 Bd6 17.Bxd6 Qxd6 18.a4 Rab8 19.a5 Nd7 20.e4 Rfc8 21.Red1 Qa6  1/2-1/2

[Event "CRO-Cup"]
[Site "Pula"]
[Date "1994.??.??"]
[Round "4"]
[White "Sinanovic, Muhamed"]
[Black "Medak, Damir"]
[Result "1/2-1/2"]
[WhiteElo "2390"]
[BlackElo "2340"]

1.c4 c6 2.Nf3 d5 3.g3 Bg4 4.Bg2 e6 5.O-O Bd6 6.d3 Ne7 7.Nc3 O-O 8.e4 dxc4
9.dxc4 e5 10.Be3 Na6 11.h3 Bxf3 12.Qxf3 Bc5 13.Rfd1 Qc7 14.a3 Rfd8 15.b4 Bxe3
16.Qxe3 b6 17.f4 Rxd1+ 18.Rxd1 Rd8 19.Rd2 Rd7 20.Bf3 Qd8 21.Rxd7 Qxd7 22.Bg4 Qd6
23.Kf2 Ng6 24.f5 Nf8 25.Be2 c5 26.b5 Nc7 27.Nd5 Nxd5 28.exd5 Nd7 29.g4 Qf6
30.Kg3 Qd6 31.Kg2 Nf6 32.g5 Ne8 33.Bd3 f6 34.g6 Qd7 35.gxh7+ Kxh7 36.Qg3 Nd6
37.Qg4 Qe8 38.Kf3 Kh6 39.Kg3 Qh5 40.Kf3 Qg5 41.h4 e4+ 42.Qxe4 Nxe4 43.hxg5+ Nxg5+
44.Kg4 Nf7 45.Kh4 Kh7 46.Kg3 Kg8 47.Kf4 Kf8 48.Be2 Ke7 49.Bf1 Kd6 50.Bd3 Ne5
51.Bf1 Ke7 52.Be2  1/2-1/2

[Event "Rishon Le Ziyyon"]
[Site "Rishon Le Ziyyon"]
[Date "1994.??.??"]
[Round "1"]
[White "Beim, Valery"]
[Black "Gofshtein, Leonid D"]
[Result "1-0"]
[WhiteElo "2545"]
[BlackElo "2495"]

1.c4 c6 2.e4 e5 3.Nf3 d6 4.d4 Nd7 5.Nc3 Ngf6 6.Be2 Be7 7.O-O O-O 8.Qc2 a6
9.Rd1 Qc7 10.Bg5 h6 11.Bh4 b5 12.cxb5 cxb5 13.Rac1 Qb8 14.a4 bxa4 15.Nxa4 Re8
16.Bc4 Nf8 17.Rd3 Ng6 18.Bxf6 Bxf6 19.Bd5 Bb7 20.Rb3 Ra7 21.dxe5 Bxe5 22.g3 Re7
23.Nb6 Qf8 24.Qd3 Bxd5 25.Nxd5 Red7 26.Rb6 Ne7 27.b3 Rdb7 28.Rxb7 Rxb7 29.Nxe5 dxe5
30.Qxa6 Rb8 31.Nxe7+ Qxe7 32.Rc8+ Rxc8 33.Qxc8+ Kh7 34.Qc4  1-0

[Event "Sala op"]
[Site "Sala"]
[Date "1994.??.??"]
[Round "2"]
[White "Biolek, Richard"]
[Black "Korbela, Lubomir"]
[Result "1-0"]
[WhiteElo "2420"]
[BlackElo "2250"]

1.c4 c6 2.Nf3 d5 3.g3 Nf6 4.Bg2 e6 5.O-O Be7 6.b3 Nbd7 7.Bb2 O-O 8.d3 Qc7
9.Nbd2 b6 10.Rc1 Bb7 11.cxd5 Nxd5 12.a3 Rac8 13.e4 N5f6 14.Nh4 Rfd8 15.d4 Qb8
16.f4 c5 17.d5 exd5 18.e5 Ne8 19.Nf5 Bf8 20.Qg4 Rc6 21.Nf3 Rg6 22.Ng5 h6
23.Nh4 Rxg5 24.fxg5 Nxe5 25.Qf5 d4 26.Bxb7 hxg5 27.Nf3 Ng6 28.Bd5 Nd6 29.Qxg6  1-0

[Event "San Sebastian op"]
[Site "San Sebastian"]
[Date "1994.??.??"]
[Round "7"]
[White "Ayza Ballester, Jordi"]
[Black "Pomes Marcet, Juan"]
[Result "1/2-1/2"]
[WhiteElo "2315"]
[BlackElo "2390"]

1.c4 c6 2.e4 d5 3.exd5 cxd5 4.d4 Nf6 5.Nc3 e6 6.Nf3 Be7 7.Bd3 O-O 8.O-O dxc4
9.Bxc4 Nc6 10.a3 Nd5 11.Ba2 Nxc3 12.bxc3 Bf6 13.Bf4 b6 14.Qd3 Bb7 15.Rfe1 Rc8
16.Rad1 Ne7 17.Ne5 Nd5 18.Bd2 Bg5 19.c4 Bxd2 20.Qxd2 Nf6 21.d5 exd5 22.cxd5 Qd6
23.a4 Rcd8 24.Nf3 Qa3 25.d6 Ne4 26.Rxe4 Bxe4 27.Ne5 Rxd6 28.Bxf7+ Rxf7 29.Qxd6 Qxd6
30.Rxd6  1/2-1/2

[Event "Schwaebisch Gmuend op"]
[Site "Schwaebisch Gmuend"]
[Date "1994.??.??"]
[Round "6"]
[White "Winter, Irene"]
[Black "Zude, Arno"]
[Result "0-1"]
[WhiteElo "2010"]
[BlackElo "2435"]

1.c4 c6 2.Nc3 d5 3.cxd5 cxd5 4.d4 Nf6 5.Nf3 Nc6 6.g3 Bf5 7.Bg2 e6 8.O-O Be7
9.Bg5 h6 10.Bf4 O-O 11.Rc1 Rc8 12.Qa4 a6 13.Ne5 Qb6 14.Nxc6 Rxc6 15.Qb3 Qxb3
16.axb3 Rb6 17.Na4 Rxb3 18.Rc7 Bd8 19.Rc8 e5 20.Rxd8 Rxd8 21.dxe5 Ne8 22.Bc1 Nc7
23.h3 Ne6 24.g4 Be4 25.f3 Bb1 26.f4 Rg3 27.Nc3 d4 28.Nd1 Be4 29.Re1 Rc8  0-1

[Event "SCO-chT1"]
[Site "?"]
[Date "1994.??.??"]
[Round "?"]
[White "Grant, Jonathan"]
[Black "Parker, Jonathan"]
[Result "0-1"]
[WhiteElo "2255"]
[BlackElo "2390"]

1.c4 c6 2.Nc3 d5 3.d4 Nf6 4.Nf3 e6 5.cxd5 exd5 6.Bg5 Bf5 7.e3 Nbd7 8.Bd3 Bxd3
9.Qxd3 Be7 10.O-O O-O 11.Rae1 Re8 12.Ne5 Nxe5 13.dxe5 Nd7 14.Bxe7 Qxe7 15.f4 Nc5
16.Qc2 Rad8 17.b4 Nd7 18.Qb3 Nb6 19.Rf3 Nc4 20.Rh3 f6 21.Qc2 g6 22.Ne4 Nxe5
23.fxe5 dxe4 24.exf6 Qxf6 25.Rf1 Qe7 26.Qb3+ Qe6 27.Qb2 Rf8 28.Rxf8+ Rxf8
29.Rh4 g5 30.Rh5 Qg4 31.Qb3+ Kg7 32.Rh3 Qe2 33.Qc3+ Kg6  0-1

[Event "SCO-ch"]
[Site "SCO"]
[Date "1994.??.??"]
[Round "?"]
[White "Grant, Jonathan"]
[Black "Parker, Jonathan"]
[Result "0-1"]
[WhiteElo "2255"]
[BlackElo "2390"]

1.c4 c6 2.Nc3 d5 3.d4 Nf6 4.Nf3 e6 5.cxd5 exd5 6.Qc2 Be7 7.Bg5 O-O 8.e3 Nbd7
9.Bd3 Re8 10.O-O Nf8 11.Rab1 Ng6 12.b4 a6 13.a4 Bd6 14.e4 dxe4 15.Nxe4 Be7
16.Bxf6 Bxf6 17.Rfe1 Bg4 18.Nxf6+ Qxf6 19.Ne5 Be6 20.b5 axb5 21.axb5 Ra2
22.Rb2 Rxb2 23.Qxb2 Bd5 24.bxc6 bxc6 25.Nf3 Rxe1+ 26.Nxe1 Nf8 27.Nc2 g6 28.Qb8 Kg7
29.Qe5 Ne6 30.Qe3 Bb3 31.Bxg6 hxg6 32.Qxb3 Nxd4 33.Nxd4 Qxd4 34.g3 c5 35.h4 c4
36.Qb4 Qd3 37.Qb5 Qd4 38.Qb4 Qd1+ 39.Kg2 Qb3 40.Qc5 c3 41.h5 c2 42.hxg6 fxg6
43.g4 Qd3 44.Qc7+ Kf6 45.Qb6+ Ke7 46.Qc6 Qd2 47.Qc5+ Ke6 48.Qc6+ Ke5 49.Qe8+ Kf6
50.Qc6+ Ke7 51.Qc5+ Kd7 52.Qb5+ Kc7 53.Qc5+ Kb7 54.Qb5+ Ka7 55.Qc5+ Ka6 56.Qc6+ Ka5
57.Qc5+ Ka4 58.Qc6+ Kb3 59.Qb7+ Kc3 60.Qc6+ Kb2 61.Qb5+ Kc1 62.Qc4 Kb2 63.Qb5+ Kc1
64.Qc4 Qd6 65.Qc3 Qd5+ 66.Kg1 Kd1  0-1

[Event "Sitges op"]
[Site "Sitges"]
[Date "1994.??.??"]
[Round "7"]
[White "Suba, Mihai"]
[Black "Spassov, Liuben"]
[Result "1-0"]
[WhiteElo "2530"]
[BlackElo "2425"]

1.c4 c6 2.e4 d5 3.exd5 cxd5 4.d4 Nf6 5.Nc3 e6 6.Nf3 Bb4 7.cxd5 Nxd5 8.Bd2 Nc6
9.Bd3 Be7 10.Qe2 Nxc3 11.bxc3 Bf6 12.h4 Qd6 13.Ng5 h6 14.Ne4 Qd8 15.g3 Be7
16.f4 h5 17.Rb1 b6 18.O-O g6 19.Ng5 O-O 20.g4 hxg4 21.h5 Qc7 22.Qxg4 Bxg5
23.Qxg5 Qe7 24.hxg6 Qxg5+ 25.fxg5 Bd7 26.gxf7+ Rxf7 27.Rxf7 Kxf7 28.Rf1+ Kg7
29.Rf6 Ne7 30.Bf4 Nd5 31.Rg6+ Kf7 32.Be5 Rg8 33.Rxg8 Kxg8 34.c4 Nb4 35.Bb1 b5
36.a3 Nc6 37.cxb5 Nxe5 38.dxe5 Bxb5 39.Kf2 Kg7 40.Ke3 Be8 41.Kd4 Bg6 42.Ba2 Kf7
43.Bc4 Bc2 44.Kc5 Ke7 45.Kb5 Kf7 46.Ka6 Kg6 47.Bxe6 Kxg5 48.Bd7 Bf5 49.Bxf5 Kxf5
50.Kxa7 Kxe5 51.a4 Kd6 52.Kb6 Kd7 53.Kb7  1-0

[Event "Sitges op"]
[Site "Sitges"]
[Date "1994.??.??"]
[Round "9"]
[White "Suba, Mihai"]
[Black "Kuijf, Marinus"]
[Result "0-1"]
[WhiteElo "2530"]
[BlackElo "2425"]

1.c4 c6 2.e4 d5 3.exd5 cxd5 4.d4 Nf6 5.Nc3 Nc6 6.Bg5 e6 7.Nf3 Be7 8.a3 O-O
9.Rc1 Ne4 10.Be3 Bf6 11.Bd3 Nxc3 12.bxc3 dxc4 13.Bxc4 Qa5 14.O-O Qxa3 15.Bd3 Qa5
16.Nd2 g6 17.f4 Ne7 18.Nc4 Qd8 19.Ne5 b6 20.Be4 Rb8 21.Qa4 a6 22.c4 b5 23.cxb5 Rxb5
24.Bd3 Ra5 25.Qb3 Qd5 26.Bc4 Qd6 27.Bf2 Ra3 28.Qb2 Ra4 29.Bb3 Rb4 30.Qa3 Rxd4
31.Qxd6 Rxd6 32.Rc7 Bxe5 33.fxe5 Rd7 34.Rfc1 Rxc7 35.Rxc7 Nd5 36.Ra7 Rd8
37.Ra8 Kg7 38.Bh4 Re8 39.Ba4 Rf8 40.Rb8 h6 41.Be1 Rg8 42.h4 Ne7 43.g3 Rd8
44.Bc3 Nd5 45.Ba5 Rg8 46.Kf2 g5 47.h5 Ne7 48.Bb4 Nd5 49.Ba5  0-1

[Event "Skei"]
[Site "Skei"]
[Date "1994.??.??"]
[Round "5"]
[White "Gausel, Einar"]
[Black "Tisdall, Jonathan D"]
[Result "1/2-1/2"]
[WhiteElo "2485"]
[BlackElo "2465"]

1.c4 c6 2.d4 d5 3.Nc3 e6 4.e4 dxe4 5.Nxe4 Bb4+ 6.Bd2 Qxd4 7.Bxb4 Qxe4+ 8.Ne2 Na6
9.Bf8 Ne7 10.Bxg7 Nb4 11.Qd6 Nd3+ 12.Kd2 Nf5 13.Qxd3 Qxd3+ 14.Kxd3 Nxg7 15.Kc3  1/2-1/2

[Event "SLO-ch U20"]
[Site "?"]
[Date "1994.??.??"]
[Round "?"]
[White "Jazbinsek, Sebastjan"]
[Black "Gruskovnjak, Tomislav"]
[Result "1/2-1/2"]
[WhiteElo "2055"]
[BlackElo "2035"]

1.c4 c6 2.g3 d5 3.cxd5 cxd5 4.Bg2 Nf6 5.Nf3 Nc6 6.O-O e6 7.b3 Be7 8.Bb2 O-O
9.d3 b6 10.Nc3 Bb7 11.Rc1 Rc8 12.Qd2 Qd7 13.Nd1 d4 14.e3 dxe3 15.Nxe3 Ba6
16.Nc4 Nd5 17.a3 Bf6 18.Bxf6 Nxf6 19.Rfd1 Nd4 20.Qb2 Nxf3+ 21.Bxf3 Qe7 22.d4 Rfd8
23.Ne3 Bb7 24.Bxb7 Qxb7 25.Rc4 Rd7 26.Rxc8+ Qxc8 27.Rc1 Rc7 28.Rc4 b5 29.Rxc7 Qxc7
30.Qc2 Qb7 31.Qc5 Ne4 32.Qh5 Nd2 33.d5 exd5 34.Qd1 Ne4 35.Qxd5 Qxd5 36.Nxd5 Kf8
37.Kf1 Nd2+ 38.Ke2 Nxb3 39.Nc7  1/2-1/2

[Event "Wch U26"]
[Site "Sofia"]
[Date "1994.??.??"]
[Round "4"]
[White "Claesen, Pieter"]
[Black "Dgebuadze, Alexandre"]
[Result "1/2-1/2"]
[WhiteElo "2275"]
[BlackElo "2400"]

1.c4 c6 2.e4 e5 3.Nc3 Bb4 4.Nge2 Nf6 5.a3 Ba5 6.Ng3 O-O 7.b4 Bc7 8.Be2 d5
9.d3 h6 10.O-O Be6 11.Qb3 Re8 12.Bb2 d4 13.Nb1 Nbd7 14.Bc1 a5 15.Qb2 Bd6
16.f4 exf4 17.Bxf4 Bxf4 18.Rxf4 Ne5 19.Nd2 axb4 20.axb4 Rxa1+ 21.Qxa1 Qb6
22.Nf3 Nxf3+ 23.Bxf3 Nd7 24.e5 Qxb4 25.Qxd4 Qe1+ 26.Nf1 Qxe5 27.Bg4 Qxd4+
28.Rxd4 Bxg4 29.Rxg4 Kf8 30.Kf2 Ne5 31.Rd4 Ra8 32.Ke2 f6 33.Nd2 Re8 34.Kd1 f5
35.g3 Ke7 36.Nb3 g5 37.c5 Ra8 38.Rb4 Nxd3 39.Rxb7+ Ke6 40.Rh7 Kd5 41.Rd7+ Kc4
42.Nd2+ Kc3 43.Nb1+ Kc4 44.Nd2+ Kc3 45.Nb1+  1/2-1/2

[Event "St Affrique op"]
[Site "St Affrique"]
[Date "1994.??.??"]
[Round "?"]
[White "Kosten, Anthony C"]
[Black "Barbero, Gerardo F"]
[Result "1/2-1/2"]
[WhiteElo "2510"]
[BlackElo "2495"]

1.c4 c6 2.e4 d5 3.exd5 cxd5 4.d4 Nf6 5.Nc3 e6 6.Nf3 Be7 7.cxd5 Nxd5 8.Bd3 O-O
9.O-O Nc6 10.Re1 Bf6 11.Be4 Qd6 12.Bc2 Qb4 13.Qd3 g6 14.Bh6 Rd8 15.Bb3 Bg7
16.Bxg7 Kxg7 17.Bxd5 exd5 18.Qd2 Bg4  1/2-1/2

[Event "St Petersburg op"]
[Site "St Petersburg"]
[Date "1994.??.??"]
[Round "1"]
[White "Akopian, Vladimir"]
[Black "Bezgodov, Alexei"]
[Result "1/2-1/2"]
[WhiteElo "2605"]
[BlackElo "2425"]

1.c4 c6 2.Nf3 d5 3.b3 Bg4 4.Ne5 Bf5 5.Bb2 e6 6.e3 Nf6 7.Be2 Bd6 8.d3 h5 9.Nd2 Nbd7
10.Nxd7 Qxd7 11.d4 g5 12.c5 Bc7 13.b4 g4 14.Qb3 a6 15.a4 Qe7 16.b5 axb5 17.axb5 Rxa1+
18.Bxa1 O-O 19.b6 Bb8 20.f3 e5 21.Qc3 Nd7 22.Nb3 gxf3 23.Bxf3 e4 24.Be2 Qh4+
25.Kd1 Nf6 26.Qe1 Qg5 27.Kd2 h4 28.Na5 Bc8 29.Qf2 Nh7 30.g3 hxg3 31.hxg3 Bxg3
32.Qg1 f5 33.Kc3 f4 34.exf4 Rxf4 35.Bb2 Rf2 36.Bc1 e3 37.Bd3 Nf6 38.Qd1 Ra2
39.Rg1 Rxa5 40.Qf3 Rxc5+ 41.Kb2 Rxc1 42.Rxc1 Bf2 43.Qd1 Kg7 44.Be2 Ne4 45.Qa4 Ng3
46.Qa8 Qd8 47.Ka1 Qf8 48.Bg4 Bxg4 49.Qxb7+ Kg8 50.Ka2 Ne4 51.Qxc6 Nf6 52.b7 Bg3
53.Rg1 Bb8 54.Rxg4+ Nxg4 55.Qg6+ Kh8 56.Qxg4 Qd6 57.Qh3+ Kg7 58.Qg4+ Kf6
59.Qf3+ Kg7 60.Qg4+ Kf8 61.Qf3+ Qf4 62.Qh5 Ke7 63.Qh7+ Qf7 64.Qh8 Qe8 65.Qh7+ Kd8
66.Qf5 Qa4+ 67.Kb1 Qb5+ 68.Kc1 Qxb7 69.Qf8+ Kc7 70.Qe7+ Kc6 71.Qxe3 Ba7 72.Qc3+ Kd7
73.Qh3+ Kd8 74.Qh8+ Kc7 75.Qh2+ Kd7 76.Qh7+ Kc8 77.Qh8+ Kc7 78.Qh2+ Kc6 79.Qc2+ Kd6
80.Qg6+ Kd7 81.Qh7+ Kc6 82.Qc2+ Kb5 83.Qb3+ Ka6 84.Qa3+ Kb5 85.Qb3+ Kc6 86.Qc2+ Kd7
87.Qh7+ Kc8 88.Qh8+ Kd7 89.Qh7+ Kc6 90.Qc2+ Bc5 91.Qxc5+ Kd7  1/2-1/2

[Event "St Petersburg op2"]
[Site "St Petersburg"]
[Date "1994.??.??"]
[Round "4"]
[White "Donchenko, Anatoly G"]
[Black "Begunov, K."]
[Result "1/2-1/2"]
[WhiteElo "2435"]
[BlackElo "2350"]

1.c4 c6 2.d4 d5 3.Nf3 Nf6 4.Qc2 g6 5.cxd5 cxd5 6.Bf4 Bg7 7.e3 O-O 8.Be2 Qb6
9.Nc3 Nc6 10.O-O Bf5 11.Qb3 Qxb3 12.axb3 Nb4 13.Ne5 Rfc8 14.g4 Bc2 15.Ra4 a5
16.Rfa1 b6 17.R4a3 Ra7 18.Na4 Rb7 19.Rc1 Ne4 20.Nd7 Rxd7 21.Nxb6 Rdd8 22.Nxc8 Rxc8
23.Rxa5 g5 24.Bg3 Nxg3 25.hxg3 Rb8 26.Rc5 Bxb3 27.Rc8+ Rxc8 28.Rxc8+ Bf8
29.Kf1 Bc2 30.Ke1 Bd3 31.Rb8 e6 32.Bxd3 Nxd3+ 33.Ke2 Nb4 34.Kd2 Kg7 35.Rc8 h6
36.Kc3 Be7 37.Rc7 Bd6 38.Rd7 Bf8 39.Ra7 Nc6 40.Rb7 Kf6 41.Rb6 Na5 42.b3 Be7
43.e4 Bd8 44.e5+ Ke7 45.Ra6 Kd7 46.b4 Nc4 47.Ra7+ Bc7 48.Ra8 Bb6 49.f4 Ne3
50.Rf8 Ke7 51.Rb8 Bc7 52.Rc8 Bd8 53.Rc6 Nxg4 54.b5 Nf2 55.fxg5 hxg5 56.Kb4 Ne4
57.g4 Nf2 58.b6 Bxb6 59.Rxb6 Nxg4 60.Kc3 Nf2 61.Kd2 f5 62.exf6+ Kxf6 63.Rb8 Ne4+
64.Ke3 Nd6 65.Kf3 Nf5 66.Rb4 Kg6 67.Kg4 Ne3+ 68.Kf3 Nc2 69.Ra4 Kf5 70.Kg3 g4
71.Ra8 Nxd4 72.Rf8+ Ke4 73.Kxg4 Ne2 74.Kh3 Ke3 75.Kg2 Nf4+ 76.Kf1 e5 77.Ke1 d4
78.Rg8 Kf3 79.Rd8 d3 80.Kd2 e4 81.Re8 Nd5 82.Rf8+ Nf4 83.Re8 Ng6 84.Re6 Nf4
85.Re8 Nd5 86.Rf8+ Nf4  1/2-1/2